• 首页
  • 本馆介绍
  • 公告通知
  • 最新文献
  • 馆藏检索
  • 电子资源
  • 读者导购
  • 参考咨询
  • 我的图书馆
  • 登录
  • 详细信息显示
  • 放入我的书架
  • 预约/预借图书
  • 作者相关作品
  • 分类相关作品
  • 丛书相关作品
  • 出版社相关作品

书目信息

  • 表格格式
  • 工作单格式
  • 卡片格式
题名:
体育运动竞赛规则汇编
    
 
作者: 本社编
分册:  
出版信息: 北京   人民体育出版社  1997.09
页数: 1141页
开本: 19cm
丛书名:
单 册:
中图分类: G812.31
科图分类:
主题词: 体育事业--世界
电子资源:
ISBN: 7-5009-1469-5
000 00528nam0 2200181 45
001 0308271059
005 20030827105652.3
010    @a7-5009-1469-5@dRMB45.00
100    @a20030827d1997 km y0chiy0120 ea
101    @achi
105    @a z 000yy
200 1  @a体育运动竞赛规则汇编@Ati yu yun dong jing sai gui ze hui bian@f本社编@Fben she bian
210    @a北京@c人民体育出版社@d1997.09
215    @a1141页@c无图表@d19cm
606 0  @a体育事业@x世界
690    @aG812.31@v3
801    @aCN@b@c20030827
905    @aBZT@dG812.31@e64
    
    体育运动竞赛规则汇编/本社编.-北京:人民体育出版社,1997.09
    1141页:无图表;19cm
    
    
    ISBN 7-5009-1469-5:RMB45.00
    
●
相关链接 在五车中查询图书 在当当中查询图书 在豆瓣中查询图书


正题名:体育运动竞赛规则汇编     索取号:G812.31/64         预约/预借

序号 登录号 条形码 馆藏地/架位号 状态 备注
1 79172   200740500   中心书库北库/ 北库026架A面2列6层77/ [索取号:G812.31/64] 在馆    
2 79173   200740332   中心书库北库/ 北库026架A面2列6层76/ [索取号:G812.31/64] 在馆    
山东省滨州职业学院图书馆 欢迎您!
大连网信软件有限公司© 版权所有